000 00282 a2200085 4500
020 _a ‎ 9781592537389
100 _a Capsule, Michelle Taute and Maura Keller
245 _aDesign Matters: An Essential Primer-Brochures, Logos, Packaging, Portfolios
260 _bRockport Publishers
_c2011
999 _c13310
_d13310